Bramkarze FC Barcelony w XXI wieku - Statystyki

Ogólne statystyki
  • Ten quiz został rozwiązany 585 razy
    103 od ostatniego zresetowania
  • Średni wynik to 7 z 18
Statystyki odpowiedzi
Lata gry Narodowość Nazwisko % Poprawnych
2014- Niemcy Marc-André ter Stegen
100%
2024- Polska Wojciech Szczęsny
97%
2002-2014 Hiszpania Víctor Valdés
93%
2014-2016 Chile Claudio Bravo
85%
2018- Hiszpania Iñaki Peña
78%
2016-2019 Holandia Jasper Cillessen
67%
2019-2022 Brazylia Neto
57%
2008-2014 Hiszpania José Manuel Pinto
46%
2003-2004 Turcja Rüstü Recber
22%
1999-2002 Hiszpania Pepe Reina
21%
2013-2017 Hiszpania Jordi Masip
18%
2002-2003 Niemcy Robert Enke
12%
2001-2003 Argentyna Roberto Bonano
7%
2007-2014 Hiszpania Oier Olazábal
5%
2004-2009 Hiszpania Albert Jorquera
4%
2000-2001 Francja Richard Dutruel
3%
2003-2007 Hiszpania Rubén Martínez
3%
1995-2001 Hiszpania Francesc Arnau
1%
Nie znaleziono quizów pasujących do podanych kryteriów
Rozkład punktacji
Procent ludzi z każdym wynikiem
Percentyl według liczby udzielonych odpowiedzi
Twoja historia wyników
Nie rozwiązałeś tego quizu od ostatniego zresetowania